Państwa europejskie ze skamielinami dinozaurów - Statystyki

Ogólne statystyki
  • Ten quiz został rozwiązany 424 razy
  • Średni wynik to 13 z 17
Statystyki odpowiedzi
Kraj % Poprawnych
Francja
94%
Hiszpania
94%
Niemcy
94%
Rosja
92%
Włochy
87%
Wielka Brytania
86%
Portugalia
85%
Ukraina
77%
Czechy
72%
Austria
71%
Belgia
71%
Holandia
70%
Szwajcaria
66%
Rumunia
65%
Dania
64%
Węgry
57%
Bułgaria
53%
Nie znaleziono quizów pasujących do podanych kryteriów
Rozkład punktacji
Procent ludzi z każdym wynikiem
Percentyl według liczby udzielonych odpowiedzi
Twoja historia wyników
Nie rozwiązałeś tego quizu